Discourse analysis : an introduction

Αποθηκεύτηκε σε:
Λεπτομέρειες βιβλιογραφικής εγγραφής
Κύριος συγγραφέας: Σιφιανού, Μαρία
Μορφή: Βιβλίο
Γλώσσα:English
Δημοσίευση: Athens : Leader Books, 2001
Θέματα:
Ετικέτες: Προσθήκη ετικέτας
Δεν υπάρχουν, Καταχωρήστε ετικέτα πρώτοι!

MARC

LEADER 00000cam a2200000 i 4500
001 1/71321
008 050208s2001 eng d
020 |a 960-7901-22-3 
035 |l 10076495 
040 |a GR-MY-UA  |b gre  |e aacr 
041 0 |a eng 
082 0 |a 401.41  |2 (21) 
100 1 |a Σιφιανού, Μαρία. 
245 1 0 |a Discourse analysis :  |b an introduction /  |c Maria Sifianou 
260 |a Athens :   |b Leader Books,   |c 2001 
300 |a xiii, 261 σ.;  |c 24 εκ. 
504 |a Περιέχει βιβλιογραφικές αναφορές και ευρετήριο 
650 0 0 |a Discourse analysis. 
852 |a INST  |b LESVOS  |e 20050208  |h 401.41 ΣΙΦ  |p 005100028037  |q 005100028037  |t BK  |y 0 
901 |a BIBL1-2005-1 
909 |a Λ  |b 118337 
970 |a ΤΖΑΦΕΡΗ  |b ΕΥΑΓΓΕΛΙΑ  |z 2005/02/08